| 000 | 00555nam a2200205Ii 4500 | ||
|---|---|---|---|
| 003 | JO-AjNU | ||
| 008 | 230606s9999||||xx |||||||||||||| ||und|| | ||
| 020 | _a81-317-0941-8 | ||
| 040 |
_aJO-AjNU _beng _erda _cJO-AjNU |
||
| 041 | _aeng | ||
| 050 | 1 | 4 | _aQA76.67.2005 |
| 100 | 3 |
_aGalles,David , _eauthor _9182 |
|
| 245 | 0 | 0 | _aModern Compiler Design |
| 264 | 3 | 1 | _anew york:pearson,2009 |
| 300 | _a1102p | ||
| 336 |
_atext _btxt _2rdacontent |
||
| 337 |
_aunmediated _bn _2rdamedia |
||
| 338 |
_avolume _bnc _2rdacarrier |
||
| 650 | 4 |
_aModern Compiler Design _9183 |
|
| 999 |
_aE96 _c96 _d96 |
||